| 000 | 01689nab a2200313 a 4500 | ||
|---|---|---|---|
| 005 | 20210219162408.0 | ||
| 008 | 991125s1985 mx 000 0 spa u | ||
| 035 | _aUPN01000203431 | ||
| 049 | _aART-E | ||
| 100 | 1 | _aDa Costa Silva, Francisco de Asís | |
| 100 | 1 | _aEscofet Roig, Anna | |
| 222 | 0 |
_aCAMPO ABIERTO : _bREVISTA DE EDUCACION |
|
| 245 | 0 | 0 | _aUn estudio de caso sobre el uso del software libre en la enseñanza secundaria en Cataluña |
| 260 | _aEspaña | ||
| 300 | _a71-95 | ||
| 362 | 0 | _a2013 Vol. 32, no. 2 | |
| 520 | 3 | _aEl artículo presenta un estudio de caso sobre el uso del software libre en la enseñanza secundaria en Cataluña, considerando la experiencia de la implantación y el uso de la distribución Linkat GNU/Linux. La investigación ha pretendido conocer las experiencias de la directora, el profesorado y el alumnado tras la introducción de esta modalidad de software en este entorno. Los instrumentos utilizados para la recogida de datos han sido la entrevista semi-estructurada para la directora y el profesorado y la grupal para el alumnado, la observación directa y no participante y el análisis documental. . Los resultados muestran que su utilización es una realidad sostenida e imparable, pero aún falta mucho por hacer en cuanto a su promoción y difusión. | |
| 653 | 0 | _aSOFTWARE LIBRE | |
| 653 | 0 | _aEDUCACION SECUNDARIA | |
| 653 | 0 | _aTIC | |
| 653 | 0 | _aEDUCACION TECNOLOGICA | |
| 653 | 0 | _aESTUDIO DE CASO | |
| 856 | 4 | _uhttp://www.revistacampoabierto.com/ | |
| 905 | _aArticulo | ||
| 336 | _atexto$2rdacontent | ||
| 337 | _acomputadora$2rdamedia | ||
| 338 | _arecurso en linea$2rdacarrier | ||
| 999 |
_c175532 _d175532 |
||